Hill Climb Racing Stages - Statistics

General Stats
  • This quiz has been taken 5 times
  • The average score is 22 of 40
Answer Stats
Cost Stage % Correct
0 Countryside
100%
750K Alien Planet
75%
1.5M Arena
75%
200K Boot Camp
75%
150K Cave
75%
35K Desert
75%
1M Factory
75%
850K Forest
75%
125K Highway
75%
250K Mars
75%
175K Moon
75%
850K Mountain
75%
1.2M Night
75%
1M Ragnarok
75%
50K Seasons
75%
75K Arctic
50%
800K Arctic Cave
50%
1M Beach
50%
1.5M Bogland
50%
1.4M Construction
50%
1.5M Haunted
50%
1M Mudpool
50%
1.5M Nuclear Plant
50%
1.5M Rainbow
50%
1.5M Retro Mission
50%
1.5M Space Mission
50%
1.5M Suburbs
50%
10 Super Countryside
50%
1M Volcano
50%
300K Xmas
50%
1.5M Action Hero
25%
1.5M Jungle
25%
1.4M Junkyard
25%
N/A Mega Desert
25%
35K Mega Highway
25%
1.5M Neon
25%
1.5M North Pole
25%
1.5M Prognosis
25%
1.2M Roller Coaster
25%
1.2M Rooftops
25%
No matching quizzes found
Score Distribution
Percent of People with Each Score
Percentile by Number Answered
Your Score History
You have not taken this quiz